| 000 | 00904cam a2200289 i 4500 | ||
|---|---|---|---|
| 999 |
_c7607 _d7607 |
||
| 001 | 7607 | ||
| 003 | BD-JhCC | ||
| 005 | 20180212120556.0 | ||
| 008 | 760331r1976 nyua b 001 0 eng | ||
| 020 | _a0882754041 | ||
| 035 | _a(BD-JhCC)7607 | ||
| 040 |
_aDLC _cDLC _dDLC _dBD-JhCC |
||
| 041 | _aeng | ||
| 050 | 1 | 0 |
_aLC3993.2 _b.T67 1976 |
| 082 | 0 | 0 |
_a371.9/5 _bTOR 1976 |
| 100 | 1 |
_aTorrance, E. Paul _q(Ellis Paul), _d1915-2003. |
|
| 245 | 1 | 0 |
_aGuiding creative talent / _cE. Paul Torrance. |
| 260 |
_aHuntington, N.Y. : _bR. E. Krieger Pub. Co., _c1976, c1962. |
||
| 300 |
_axix, 277 p. : _bill. ; _c24 cm. |
||
| 500 | _aReprint of the ed. published by Prentice-Hall, Englewood Cliffs, N.J. | ||
| 500 | _aIncludes indexes. | ||
| 504 | _aBibliography: p. 255-270. | ||
| 650 | 0 |
_aGifted children _xEducation. |
|
| 650 | 0 | _aCreation (Literary, artistic, etc.) | |
| 942 |
_2ddc _cBK |
||